Thiết kế bài giảng Âm nhạc 7 trung học cơ sở

Cuốn sách này được biên soạn dựa vào sách giáo khoa phần Âm nhạc 7 xuất bản năm 2003 với mục đích giới thiệu một cách dạy nhằm thực hiện nhiệm vụ đổi mới phương pháp dạy học. Giáo viên không chỉ nắm vững phương pháp dạy học mà phải t...

Descrición completa

Gardado en:
Detalles Bibliográficos
Autor Principal: Lê, Anh Tuấn
Formato: Libro
Idioma:Undetermined
Publicado: Hà Nội Đại học Sư phạm Hà Nội 2003
Những chủ đề:
Các nhãn: Engadir etiqueta
Sen Etiquetas, Sexa o primeiro en etiquetar este rexistro!
Thư viện lưu trữ: Trung tâm Học liệu Trường Đại học Cần Thơ
LEADER 01223nam a2200217Ia 4500
001 CTU_120136
008 210402s9999 xx 000 0 und d
020 |c 13000 
082 |a 780.7 
082 |b T502 
100 |a Lê, Anh Tuấn 
245 0 |a Thiết kế bài giảng Âm nhạc 7 trung học cơ sở 
245 0 |c Lê Anh Tuấn 
260 |a Hà Nội 
260 |b Đại học Sư phạm Hà Nội 
260 |c 2003 
520 |a Cuốn sách này được biên soạn dựa vào sách giáo khoa phần Âm nhạc 7 xuất bản năm 2003 với mục đích giới thiệu một cách dạy nhằm thực hiện nhiệm vụ đổi mới phương pháp dạy học. Giáo viên không chỉ nắm vững phương pháp dạy học mà phải tìm hiểu tâm lí học sinh và điều chỉnh phương pháp dạy học phù hợp với thực tế của từng trường, từng lớp, khả năng học tập của học sinh. 
650 |a Music,Music 
650 |x Instruction and study,Study and teaching 
904 |i Hiếu 
980 |a Trung tâm Học liệu Trường Đại học Cần Thơ